| 000 | 01440nam a2200337 c 4500 | ||
|---|---|---|---|
| 003 | BLK | ||
| 005 | 20231017130910.0 | ||
| 008 | 180412b bul|||||r ||||||| ||bul|| | ||
| 010 | _aKNG00011043000 | ||
| 020 |
_a954-402-023-3 _bиздат.: Петър Берон |
||
| 040 | _aBLK | ||
| 041 |
_aBUL _cBUL |
||
| 080 |
_aМеждународни политически отношения. Световна политика. Международна политика. Дипломация _b327 _x(73)(091) _z327(73)(091) |
||
| 100 | 1 |
_aАмброуз, Стивън И. _eпърви автор _9254635 |
|
| 139 |
_aАмброуз, Стивън И. _bА 60 |
||
| 245 | 1 | 0 |
_aСтремеж към глобализъм _bАмер. външ. политика от 1938 до началото на 90-те г. _cСтивън И. Амброуз. |
| 257 | _aUSA | ||
| 260 |
_аСофия _bПетър Берон _c1995 _fВраца : Полипринт |
||
| 300 |
_a416 с. _bс к. _c20 см |
||
| 380 | _a3 | ||
| 500 | _aОриг. загл. Rise to Globalism / Stephen E. Ambrose. - Показалец. | ||
| 650 | 4 |
_aСАЩ - външна политика _9246834 |
|
| 653 | _aСАЩ | ||
| 653 | _aвъншна политика | ||
| 852 | _aЦб 185858 | ||
| 856 | 4 |
_qpdf _u |
|
| 856 | 4 |
_qpdf _u |
|
| 942 |
_cKNG _n0 _03 |
||
| 944 |
_aCR _c15.01.2003 _lЦветомила Тодорова _k30576 |
||
| 944 |
_aED _c07.05.2014 _lф / _k |
||
| 999 |
_c9615 _d9615 |
||